A TEXTBOOK OF PHARMACOLOGY-III [SEM-VI] (Record no. 8448)

MARC details
000 -LEADER
fixed length control field 00404nam a22001697a 4500
005 - DATE AND TIME OF LATEST TRANSACTION
control field 20231103132957.0
008 - FIXED-LENGTH DATA ELEMENTS--GENERAL INFORMATION
fixed length control field 231103b |||||||| |||| 00| 0 eng d
020 ## - INTERNATIONAL STANDARD BOOK NUMBER
ISBN 978-93-89686-72-2
041 ## - LANGUAGE CODE
Language code of text/sound track or separate title eng
082 ## - DEWEY DECIMAL CLASSIFICATION NUMBER
Classification number 615.1
245 ## - TITLE STATEMENT
Title A TEXTBOOK OF PHARMACOLOGY-III [SEM-VI]
250 ## - EDITION STATEMENT
Edition statement 3RD. ED. 2022.
260 ## - PUBLICATION, DISTRIBUTION, ETC. (IMPRINT)
Place of publication PUNE
Name of publisher NIRALI PRAKASHAN
300 ## - PHYSICAL DESCRIPTION
Number of Pages 26.4;p
650 ## - SUBJECT ADDED ENTRY--TOPICAL TERM
Topical Term PHARMACY
942 ## - ADDED ENTRY ELEMENTS (KOHA)
Koha item type Books
Holdings
Lost status Damaged status Collection code Home library Current library Shelving location Date acquired Source of acquisition Cost, normal purchase price Full call number Accession Number Koha item type
    PHARMACY JRU Library JRU Library Shelf - 21- E 03/11/2023 PURCHASE [LBI000224/29-10-2023] 400.00 615.1 28068 Books
    PHARMACY JRU Library JRU Library Shelf - 21- E 03/11/2023 PURCHASE [LBI000224/29-10-2023] 400.00 615.1 28069 Books
    PHARMACY JRU Library JRU Library Shelf - 21- E 03/11/2023 PURCHASE [LBI000224/29-10-2023] 400.00 615.1 28070 Books
    PHARMACY JRU Library JRU Library Shelf - 21- E 03/11/2023 PURCHASE [LBI000224/29-10-2023] 400.00 615.1 28071 Books